| 000 | 01079cab a22002055a 4500 | ||
|---|---|---|---|
| 001 | L139725 | ||
| 008 | 070314s2007 xxkd s 000 0 eng d | ||
| 035 | _a(Sirsi) u139725 | ||
| 041 | _aeng | ||
| 110 | 2 |
_aHome Builders Federation _94896 |
|
| 245 |
_aHBF regional survey of house builders _bJune 2007 |
||
| 260 | _c2007 | ||
| 490 |
_aHousing Market Report _v(182) July 2007, 6-11(6) |
||
| 520 | _aFinds that site visitors and net reservations were below the previous year's levels. Both fell by slightly more than the usual seasonal downturn. House builders continued raising prices, but they are also increasing sales incentives. Sales prospects are optimistic for 2007 throughout the industry. Increased starts are planned for 2007, a response to modest shortages of works in progress and stocks. There has been a modest deterioration in buyer confidence. Tables and graphs. | ||
| 590 | _aKA | ||
| 650 | 2 | 4 | _aHBF REGIONAL SURVEY OF HOUSE BUILDERS |
| 651 | 4 |
_aEngland and Wales _y1543- |
|
| 690 | _aPROPERTY-RESIDENTIAL PROPERTY-RESIDENTIAL PROPERTY MARKET | ||
| 942 | _n0 | ||
| 999 |
_c79070 _d79070 |
||